The vatican rip

Bibliographic Details
Main Author: Gash, Jonathan
Format: Book
Published: London : William Collins Sons & Co , 1990
Subjects:

MARC

LEADER 00000cam a2200000 7i4500
001 0000000505
002 000000589
005 20000330.0
020 |a 0002318687 
090 0 0 |a F   |b GAS 
100 1 |a Gash, Jonathan 
245 1 4 |a The vatican rip   |c Jonathan Gash 
260 |a London :   |b William Collins Sons & Co ,   |c 1990 
300 |a 221p ;   |c 22cm. 
650 0 0 |a Crime and detection fiction 
999 |a 029866   |b BUKU   |c PINJAMAN   |e PERPUSTAKAAN KOMUNITI PETALING JAYA 
999 |a 029867   |b BUKU   |c PINJAMAN   |e PERPUSTAKAAN KOMUNITI PETALING JAYA 
999 |a 029868   |b BUKU   |c PINJAMAN   |e PERPUSTAKAAN KOMUNITI PETALING JAYA